| 000 | 01051nmc a2200349 a 4500 | ||
|---|---|---|---|
| 003 | AR-BaBNM | ||
| 005 | 20251128211530.0 | ||
| 008 | 094120s2000 ||||||||||||||000 | spa|| | ||
| 020 | _a987-538-020-2 | ||
| 040 | _cAR-BaBNM | ||
| 100 | 1 | _aGuariglia, Osvaldo | |
| 245 | 1 | 0 | _aLa reflexión ética en el campo de la educación y la formación |
| 250 | _a1ª ed. | ||
| 260 |
_aBuenos Aires _bEdiciones Novedades Educativas _c2000 _bUniversidad Nacional de Buenos Aires |
||
| 300 | 0 | _a125 p. | |
| 490 | 0 |
_aFormacion de formadores. Los documentos _vv. 11 |
|
| 650 | 4 | _aETICA | |
| 650 | 4 | _aEPISTEMOLOGIA | |
| 650 | 4 | _aHUMANIDADES | |
| 650 | 4 | _aFILOSOFIA DE LA EDUCACION | |
| 653 | 0 | _aFORMACION DE FORMADORES | |
| 700 | 1 | _aFerry, Gilles | |
| 700 | 1 | _aFilloux, Jean-Claude | |
| 700 | 1 | _aNathanson, Jacques | |
| 700 | 1 | _aCullen, Carlos A. | |
| 700 | 1 | _aMancovsky, Viviana | |
| 700 | 1 | _aSeró de Botinelli, Cristina | |
| 800 | 1 |
_aFernández, Lidia M. _edirector |
|
| 800 | 1 |
_aSouto, Marta _edirector |
|
| 942 | _cBK | ||
| 998 | _craquel | ||
| 999 |
_c20058 _d20058 |
||